000 00501nam a22001817a 4500
003 UA-OsUOA
001 18206
007 ta
008 20040423b un ||||| |||| 00| 0 ukr d
100 _aКрасюк П.
942 _cSA
040 _aUA-OsUOA
_cUA-OsUOA
_dUA-OsUOA
245 _aІз гумористичного кошика
_b[Гуморески]
300 _aС.7
955 _a0
773 0 _w0
_tНова Волинь
_dРівне
_d2004
_g№13/1 квіт./
650 7 _aГуморески
_2UDC
999 _c304376
_d304376